Saint's Country of Origin - Statistics

General Stats
  • This quiz has been taken 119 times
  • The average score is 9 of 18
Answer Stats
Saint Country % Correct
Pope John Paul II Poland
96%
Joan of Arc France
92%
Francis Italy
72%
Patrick United Kingdom
68%
Juan Diego Mexico
66%
Elizabeth Ann Seton United States
59%
Paul Turkey
57%
Augustine Algeria
55%
Mother Teresa North Macedonia
54%
Dominic Spain
45%
Athanasius Egypt
43%
Thomas Israel
42%
Rose Peru
41%
Anthony Portugal
35%
Peter Syria
35%
Columba Ireland
32%
Charles Lwanga Uganda
28%
Peter Canisius Netherlands
16%
No matching quizzes found
Score Distribution
Percent of People with Each Score
Percentile by Number Answered
Your Score History
You have not taken this quiz